| 000 | 00691nac a22001931u 4500 | ||
|---|---|---|---|
| 010 | _a 92009817 | ||
| 020 | _a0442001487 | ||
| 082 | 0 | 0 |
_a338.4791 _bPON |
| 090 |
_c9560 _d9560 |
||
| 100 | _aPond, Kathleen Lingle. | ||
| 245 | 1 | 4 |
_aThe professional guide : _bdynamics of tour guiding / _cKathleen Lingle Pond. |
| 260 |
_aNew York : _bVan Nostrand Reinhold,1993 _cc1993. |
||
| 300 |
_axiv, 274 p. : _bill. ; _c24 cm. |
||
| 500 | _adistributer: Al-Ahram | ||
| 504 | _aIncludes bibliographical references (p. [261]-265) and index. | ||
| 511 | _acatalogued by: wessam | ||
| 650 | 0 |
_aTour guides (Persons) _xVocational guidance. |
|
| 942 |
_cBB _k338.4791PON |
||
| 999 |
_c9560 _d9560 |
||